|
|
|
|
| LEADER |
00000cam a2200000 a 4500 |
| 001 |
vtls001481220 |
| 003 |
SK-MaSNL |
| 005 |
20260301074011.0 |
| 008 |
240226s2002 xo o er 000 0 eng |
| 015 |
|
|
|a SNBE2004/04-01923
|
| 020 |
|
|
|a 8080556253
|q (brožované)
|
| 035 |
|
|
|a SNK000436518
|
| 035 |
|
|
|a urn:nbn:sk:snk-am3iy2d
|
| 035 |
|
|
|a 17FE156E-9FC2-4DC2-890B-082D7B0DD2A8
|
| 035 |
|
|
|a urn:nbn:sk:snk-am00g40w
|
| 040 |
|
|
|a SNK
|b slo
|c SNK
|e AACR2
|
| 041 |
1 |
|
|a eng
|h slo
|
| 044 |
|
|
|a xo
|c SK
|
| 072 |
|
7 |
|a 37
|x Výchova a vzdelávanie
|2 konspekt
|
| 080 |
|
|
|a 37.011.3-052-054.68
|2 2011
|
| 080 |
|
|
|a (036)
|2 2011
|
| 080 |
|
|
|a 378.4.096(083.9)=111
|2 1997
|
| 080 |
|
|
|a 37.01/.09
|2 2011
|
| 080 |
|
|
|a 37.091.33
|2 2011
|
| 080 |
|
|
|a 378
|2 2011
|
| 245 |
0 |
0 |
|a Guide for international students
|c translator: Milena Štulrajterová
|
| 260 |
|
|
|a Banská Bystrica
|b Matej Bel University
|c 2002
|
| 300 |
|
|
|a 42 strán
|b farebné fotografie
|c 21 cm
|
| 650 |
0 |
7 |
|a zahraniční študenti
|2 SNKPH
|9 4199
|
| 650 |
0 |
7 |
|a výchova a vzdelávanie
|2 SNKPH
|9 1684
|
| 650 |
0 |
7 |
|a kurzy
|2 SNKPH
|9 29103
|
| 650 |
0 |
7 |
|a vysoké školy
|2 SNKPH
|9 1277
|
| 655 |
|
7 |
|a informačné publikácie
|2 SNKPH
|9 70181
|
| 700 |
1 |
|
|a Šturlajterová, Milena,
|d 1952-
|4 trl
|9 395937
|
| 710 |
2 |
|
|a Univerzita Mateja Bela v Banskej Bystrici.
|b Fakulta humanitných vied
|4 pbl
|
| 919 |
|
|
|a 80-8055-625-3
|
| 958 |
|
|
|a OP
|
| 958 |
|
|
|a OND
|
| 968 |
|
|
|a Eng
|b SLO
|
| 999 |
|
|
|c 645913
|d 647843
|
| 952 |
|
|
|t P60, <03>, [BOOK], {603}
|a SNK
|b SNK
|y PREZ
|7 0
|p 17A0442480
|o snkSC 117223
|i snkKSP 11697/2004
|0 0
|1 0
|4 0
|d 2004-09-06
|f 1
|l 0
|r 2025-10-16 00:00:00
|w 2026-02-23
|
| 952 |
|
|
|t P60, <04>, [BOOK], {604}
|a SNK
|b SNK
|y VYP
|7 0
|p 17A0442481
|o snkSC 117223 D1
|i snkKSP 11698/2004
|0 0
|1 0
|4 0
|d 2004-09-06
|l 0
|r 2005-01-02 00:00:00
|w 2026-02-23
|